[Event "PRO League Group Stage"]
[Site "chess.com INT"]
[Date "2020.02.05"]
[Round "5"]
[White "Demidov, Mikhail"]
[Black "Erdos, Viktor"]
[Result "0-1"]
[WhiteTitle "IM"]
[BlackTitle "GM"]
[WhiteElo "2552"]
[BlackElo "2621"]
[WhiteTeam "Russia Wizards"]
[BlackTeam "Hungary Hunters"]
[WhiteFideId "4197143"]
[BlackFideId "719978"]
[EventDate "2020.01.06"]

1. d4 Nf6 2. Nf3 g6 3. g3 Bg7 4. Bg2 d5 5. O-O c6 6. b3 O-O 7. Bb2 a5 8. c4 Bf5
9. Nc3 Ne4 10. Ne5 Na6 11. cxd5 cxd5 12. Nb5 Nb4 13. a3 Nc6 14. Rc1 Qb6 15. a4
Rfd8 16. e3 Rac8 17. Qe2 Nd6 18. Nxd6 Rxd6 19. Ba3 Bxe5 20. dxe5 Rdd8 21. Qb5
Qxb5 22. axb5 Nb4 23. Rxc8 Rxc8 24. Bxb4 axb4 25. Bxd5 Rc5 26. Bc4 Be6 27. Rc1
b6 28. f4 Bd7 29. Rd1 Bxb5 30. Bxb5 Rxb5 31. Rd4 e6 32. Kf2 h5 33. Rd8+ Kg7 34.
Rb8 g5 35. h3 g4 36. hxg4 hxg4 37. Ke2 Rc5 38. Rxb6 Rc2+ 39. Kf1 Rc3 40. Rxb4
Rxe3 41. Kf2 Rf3+ 42. Kg2 Kg6 43. Rb7 Rc3 44. b4 Rb3 45. b5 Kf5 46. Rxf7+ Ke4
47. Rg7 Rb2+ 48. Kf1 Kf3 49. Ke1 Kxg3 50. Rg6 Kf3 51. Rxe6 g3 52. Rg6 g2 53. f5
Re2+ 54. Kd1 Rxe5 55. f6 Rxb5 56. f7 Rd5+ 57. Kc2 Rf5 58. Rg7 Kf2 59. Kd3 g1=Q
60. Rxg1 Kxg1 61. Ke4 Rxf7 0-1

[Event "PRO League Group Stage"]
[Site "chess.com INT"]
[Date "2020.02.05"]
[Round "5"]
[White "Chigaev, Maksim"]
[Black "Solak, Dragan"]
[Result "1-0"]
[WhiteTitle "GM"]
[BlackTitle "GM"]
[WhiteElo "2616"]
[BlackElo "2594"]
[WhiteTeam "Armenia Eagles"]
[BlackTeam "Turkey Knights"]
[WhiteFideId "4108116"]
[BlackFideId "916811"]
[EventDate "2020.01.06"]

1. e4 c6 2. d4 d5 3. exd5 cxd5 4. Bd3 Nc6 5. c3 Nf6 6. h3 g6 7. Qc2 Bg7 8. Nf3
O-O 9. O-O Ne8 10. Bf4 Nd6 11. Nbd2 Bf5 12. Bxf5 Nxf5 13. Rfe1 e6 14. Nb3 Na5
15. Nxa5 Qxa5 16. Be5 b5 17. Qd2 Qb6 18. Bxg7 Kxg7 19. Ne5 Rfd8 20. a3 a5 21.
Nd3 Nd6 22. Qf4 Ne4 23. Ne5 Ra7 24. Ng4 g5 25. Qe3 f5 26. f3 f4 27. Qe2 h5 28.
fxe4 hxg4 29. Qxg4 1-0

[Event "PRO League Group Stage"]
[Site "chess.com INT"]
[Date "2020.02.05"]
[Round "5"]
[White "Andriasian, Zaven"]
[Black "Dastan, Muhammed Batuhan"]
[Result "1-0"]
[WhiteTitle "GM"]
[BlackTitle "GM"]
[WhiteElo "2611"]
[BlackElo "2572"]
[WhiteTeam "Armenia Eagles"]
[BlackTeam "Turkey Knights"]
[WhiteFideId "13302000"]
[BlackFideId "6300014"]
[EventDate "2020.01.06"]

1. e4 c5 2. Nc3 d6 3. Nf3 a6 4. d4 cxd4 5. Nxd4 Nf6 6. Be3 Ng4 7. Bc1 Nf6 8. h3
e5 9. Nb3 Be6 10. f4 g6 11. Qf3 Nc6 12. Bd3 Be7 13. O-O Rc8 14. Be3 exf4 15.
Bxf4 Ne5 16. Qe3 O-O 17. Nd4 Qb6 18. Nce2 Nfd7 19. b3 Rfe8 20. Kh1 Bf8 21. Rad1
Bg7 22. Bh6 Bh8 23. c4 Nxd3 24. Qxd3 Ne5 25. Qg3 Rcd8 26. Nf4 Rd7 27. Nf5 Qc6
28. Nd4 Qc5 29. Nf3 Nxf3 30. Qxf3 Qe5 31. a4 b5 32. cxb5 axb5 33. a5 Ra7 34. b4
Bc4 35. Rfe1 Qc3 36. Qf2 Raa8 37. Nd5 Bxd5 38. Rxd5 Qxb4 39. Rf1 Re7 40. e5 dxe5
41. a6 Qa4 42. Qb6 Qc4 43. Rd8+ Re8 44. Rfd1 Qe4 45. Rxe8+ Rxe8 46. Rd8 Qe1+ 47.
Kh2 1-0

[Event "PRO League Group Stage"]
[Site "chess.com INT"]
[Date "2020.02.05"]
[Round "5"]
[White "Gokerkan, Cem Kaan"]
[Black "Sargsyan, Shant"]
[Result "0-1"]
[WhiteTitle "IM"]
[BlackTitle "GM"]
[WhiteElo "2458"]
[BlackElo "2601"]
[WhiteTeam "Turkey Knights"]
[BlackTeam "Armenia Eagles"]
[WhiteFideId "6336760"]
[BlackFideId "13306766"]
[EventDate "2020.01.06"]

1. e4 c5 2. Nf3 d6 3. Bb5+ Nd7 4. c4 g6 5. Nc3 Bg7 6. d4 cxd4 7. Nxd4 Nf6 8. O-O
O-O 9. Bxd7 Bxd7 10. Bg5 Rc8 11. Qe2 Qa5 12. Bxf6 Bxf6 13. Rfd1 Bc6 14. Rac1 a6
15. a3 Qb6 16. Qd2 Rfd8 17. b4 e6 18. Qe3 Be8 19. Nce2 a5 20. Nf5 Qxe3 21. Nxe3
axb4 22. axb4 Ba4 23. Rd2 b5 24. Nc3 Bxc3 25. Rxc3 f5 26. exf5 gxf5 27. f4 Kf7
28. Kf2 d5 29. Ra3 d4 30. Nf1 Rxc4 31. Rh3 d3 32. Rxh7+ Kg6 33. Rh4 Rxb4 34. h3
Re4 35. Nh2 b4 36. Nf3 Rd5 37. g4 b3 38. Ne5+ Kg7 39. gxf5 exf5 40. Rxd3 Rxd3
41. Nxd3 Rd4 42. Ke3 Rxd3+ 43. Kxd3 b2 0-1

[Event "PRO League Group Stage"]
[Site "chess.com INT"]
[Date "2020.02.05"]
[Round "5"]
[White "Movsesian, Sergei"]
[Black "Saric, Ante"]
[Result "0-1"]
[WhiteTitle "GM"]
[BlackTitle "GM"]
[WhiteElo "2641"]
[BlackElo "2559"]
[WhiteTeam "Israel Counsellors"]
[BlackTeam "Croatia Bulldogs"]
[WhiteFideId "310204"]
[BlackFideId "14506254"]
[EventDate "2020.01.06"]

1. e4 c5 2. Nc3 Nc6 3. g3 g6 4. Bg2 Bg7 5. d3 d6 6. Be3 Nd4 7. Nd5 e6 8. Nf4 e5
9. Nd5 Ne7 10. Bg5 Ndc6 11. Qd2 h6 12. Bf6 Bxf6 13. Nxf6+ Kf8 14. f4 Kg7 15. Nd5
Nxd5 16. exd5 Nd4 17. c3 Nf5 18. Ne2 exf4 19. Nxf4 Re8+ 20. Be4 Bd7 21. O-O Re5
22. Rf2 Qe7 23. Raf1 Re8 24. g4 Qg5 25. h3 R8e7 26. Kh2 Nh4 27. Qe3 Bb5 28. Re1
Bd7 29. c4 b5 30. b3 b4 31. Rg1 a5 32. Nh5+ Kf8 33. Qxg5 hxg5 34. Nf6 a4 35. Kg3
Be8 36. Rgf1 Ra7 37. Nh7+ Kg7 38. Nxg5 Rxg5 39. Kxh4 Re5 40. Rf6 axb3 41. axb3
Ra6 42. g5 Re7 43. Kg3 Rd7 44. h4 Ra3 45. Rb1 Rd8 46. Kf3 Bd7 47. Ke3 Be8 48.
Rb2 Ra1 49. h5 gxh5 50. Rh2 Ra3 51. Rxh5 Rxb3 52. Rh7+ Kg8 53. g6 fxg6 54. Rb7
Rd7 55. Rb8 Kg7 56. Rf1 Bf7 57. Kd2 Ra3 58. Rh1 Ra2+ 59. Ke3 Raa7 60. Rhh8 Rab7
61. Kd2 Kf6 62. Rxb7 Rxb7 63. Rf8 b3 64. Kc1 b2+ 65. Kb1 g5 66. Bf3 Ke5 67. Be4
g4 68. Rh8 g3 69. Rh4 Kd4 70. Rg4 Bh5 71. Rxg3 Bd1 72. Rg2 Kc3 73. Bf5 Rb6 74.
Be4 Rb8 75. Rf2 Rb4 76. Rg2 Rb6 77. Rf2 Ba4 78. Rg2 Bb3 79. Rf2 Ba2+ 0-1

[Event "PRO League Group Stage"]
[Site "chess.com INT"]
[Date "2020.02.05"]
[Round "5"]
[White "Rodshtein, Maxim"]
[Black "Nestorovic, Nikola"]
[Result "1-0"]
[WhiteTitle "GM"]
[BlackTitle "GM"]
[WhiteElo "2628"]
[BlackElo "2466"]
[WhiteTeam "Israel Counsellors"]
[BlackTeam "Croatia Bulldogs"]
[WhiteFideId "2806851"]
[BlackFideId "934526"]
[EventDate "2020.01.06"]

1. c4 e5 2. g3 Nc6 3. Bg2 g6 4. Nc3 Bg7 5. d3 d6 6. e3 h5 7. h4 Bg4 8. Nge2 Qd7
9. a3 a5 10. b3 Nge7 11. Bb2 O-O 12. Qd2 Be6 13. Nd5 f5 14. d4 Rad8 15. Rd1 Bf7
16. O-O a4 17. Nxe7+ Qxe7 18. d5 Nb8 19. b4 Nd7 20. Qc2 g5 21. Qxf5 gxh4 22. Qh3
hxg3 23. Nxg3 Qg5 24. f4 Qg4 25. Qxg4 hxg4 26. Nf5 Rde8 27. c5 Bg6 28. Nxg7 Kxg7
29. e4 Kg8 30. f5 Bh5 31. Rc1 Rf7 32. Kf2 Nf6 33. Rh1 g3+ 34. Ke3 Ng4+ 35. Kd2
Nh2 36. Rc3 Rg7 37. b5 b6 38. cxd6 cxd6 39. Ke3 Ng4+ 40. Kd2 Nh2 41. Rg1 Ra8 42.
Rc6 Bf3 43. Rxd6 Bxg2 44. Rxg2 Nf3+ 45. Ke3 Nh4 46. Rg1 g2 47. Bxe5 Rg4 48. f6
Re8 49. Re6 Rc8 50. d6 Rc4 51. Re8+ Kf7 52. Re7+ Kf8 53. d7 1-0

[Event "PRO League Group Stage"]
[Site "chess.com INT"]
[Date "2020.02.05"]
[Round "5"]
[White "Plenca, Jadranko"]
[Black "Fridman, Daniel"]
[Result "0-1"]
[WhiteTitle "IM"]
[BlackTitle "GM"]
[WhiteElo "2463"]
[BlackElo "2622"]
[WhiteTeam "Croatia Bulldogs"]
[BlackTeam "Israel Counsellors"]
[WhiteFideId "14527146"]
[BlackFideId "11600454"]
[EventDate "2020.01.06"]

1. e4 e5 2. Nf3 Nf6 3. Nc3 Nc6 4. a3 d5 5. Bb5 Nxe4 6. Nxe5 Qg5 7. d4 Qxg2 8.
Rf1 Nxc3 9. bxc3 a6 10. Nxc6 axb5 11. Qe2+ Qe4 12. Qxe4+ dxe4 13. Nb4 Bg4 14.
Rg1 Bf3 15. Nd5 O-O-O 16. Ne3 c5 17. dxc5 Bxc5 18. Rb1 f5 19. Bd2 f4 20. Nf1
Rhf8 21. Rxb5 b6 22. Rxg7 Rd5 23. c4 Rd4 24. Ra7 Rf5 25. a4 Rxc4 26. c3 Kb8 27.
Rxh7 Rxa4 28. Rb1 Ra2 29. Rh8+ Kb7 30. Rh7+ Ka6 31. Rh8 e3 0-1

[Event "PRO League Group Stage"]
[Site "chess.com INT"]
[Date "2020.02.05"]
[Round "5"]
[White "Tica, Sven"]
[Black "Postny, Evgeny"]
[Result "1-0"]
[WhiteTitle "IM"]
[BlackTitle "GM"]
[WhiteElo "2398"]
[BlackElo "2608"]
[WhiteTeam "Croatia Bulldogs"]
[BlackTeam "Israel Counsellors"]
[WhiteFideId "14526948"]
[BlackFideId "2804344"]
[EventDate "2020.01.06"]

1. d4 d5 2. c4 c6 3. Nf3 Nf6 4. Qc2 e6 5. Nbd2 Be7 6. g3 O-O 7. Bg2 Nbd7 8. O-O
b6 9. e4 dxe4 10. Nxe4 Bb7 11. Rd1 Nxe4 12. Qxe4 Qc8 13. Qe2 Re8 14. Be3 c5 15.
Rac1 Nf6 16. dxc5 Bxc5 17. Bxc5 Qxc5 18. Ne5 Bxg2 19. Kxg2 h6 20. b3 Rad8 21.
Qe3 Qxe3 22. fxe3 Ne4 23. Kf3 f5 24. Nc6 Rc8 25. Nxa7 Ra8 26. Rd7 Nc5 27. Rc7
Red8 28. Ke2 Na6 29. Rb7 Rdb8 30. Rxb8+ Nxb8 31. Rd1 Rxa7 32. Rd8+ Kf7 33. Rxb8
Rxa2+ 34. Kd3 Rxh2 35. Rxb6 Rg2 36. c5 Rxg3 37. Rb7+ Ke8 38. c6 Kd8 39. Kd4 h5
40. b4 h4 41. b5 e5+ 42. Kd5 h3 43. b6 Rg6 44. c7+ Kd7 45. Rb8 Rd6+ 46. Kxe5 Rc6
47. Rd8+ Ke7 48. c8=Q Rxc8 49. Rxc8 1-0

[Event "PRO League Group Stage"]
[Site "chess.com INT"]
[Date "2020.02.05"]
[Round "5"]
[White "Esipenko, Andrey"]
[Black "Navara, David"]
[Result "1/2-1/2"]
[WhiteTitle "GM"]
[BlackTitle "GM"]
[WhiteElo "2654"]
[BlackElo "2717"]
[WhiteTeam "Russia Wizards"]
[BlackTeam "Hungary Hunters"]
[WhiteFideId "24175439"]
[BlackFideId "309095"]
[EventDate "2020.01.06"]

1. d4 Nf6 2. c4 e6 3. Nf3 d5 4. Nc3 Bb4 5. Qa4+ Nc6 6. e3 O-O 7. Qc2 a6 8. a3
Bd6 9. Bd2 Re8 10. Rd1 Bd7 11. h3 h6 12. Bd3 dxc4 13. Bxc4 b5 14. Ba2 e5 15. O-O
e4 16. Nh2 b4 17. Nd5 Nxd5 18. Bxd5 Bxh3 19. Qxc6 Bxg2 20. Kxg2 Qg5+ 21. Kh1
Bxh2 22. Qd7 Bd6 23. Bxf7+ Kf8 24. f4 Qh4+ 25. Kg2 Re7 26. Qc6 Rb8 27. Bc4 bxa3
28. Qd5 Qg4+ 29. Kf2 Qf3+ 30. Ke1 Qg3+ 31. Rf2 Qg1+ 32. Rf1 Qg3+ 33. Rf2 Qg1+
34. Rf1 Qg3+ 1/2-1/2

[Event "PRO League Group Stage"]
[Site "chess.com INT"]
[Date "2020.02.05"]
[Round "5"]
[White "Ponkratov, Pavel"]
[Black "Banusz, Tamas"]
[Result "1/2-1/2"]
[WhiteTitle "GM"]
[BlackTitle "GM"]
[WhiteElo "2622"]
[BlackElo "2620"]
[WhiteTeam "Russia Wizards"]
[BlackTeam "Hungary Hunters"]
[WhiteFideId "4157800"]
[BlackFideId "722413"]
[EventDate "2020.01.06"]

1. c4 e5 2. Nc3 Nf6 3. e3 Bb4 4. Nge2 O-O 5. a3 Be7 6. d4 exd4 7. Nxd4 d5 8.
cxd5 Nxd5 9. Bd2 Nxc3 10. Bxc3 Nd7 11. Qf3 c5 12. Nb5 a6 13. Qg3 Bf6 14. Nc7 Ra7
15. Rd1 Bxc3+ 16. bxc3 b5 17. Nd5 Nf6 18. Qe5 Rd7 19. Nxf6+ Qxf6 20. Qxf6 gxf6
21. Rxd7 Bxd7 22. Bd3 c4 23. Bc2 Rd8 24. Ke2 Kf8 25. Rd1 Ke7 26. Rd4 Rg8 27. g3
Rg5 28. h4 Rh5 29. Be4 h6 30. Bd5 Be6 31. Bb7 a5 32. f4 Rc5 33. Ba6 f5 34. Kd2
Bd5 35. Kc1 Kd6 36. g4 Kc7 37. gxf5 Kb6 38. Bc8 Kc7 39. e4 Kxc8 40. exd5 Kd7 41.
f6 Kd6 42. Re4 Rxd5 43. Re7 Rf5 44. Rxf7 Ke6 45. Rb7 Kxf6 46. Rb6+ Kg7 47. Kd2
Rd5+ 48. Ke2 a4 49. Kf2 Rd3 50. Rxb5 Rxc3 51. Rb4 Rxa3 52. Rxc4 Kg6 53. Rc5 Rh3
54. Ra5 a3 55. h5+ Kf6 56. Kg2 Rb3 57. Ra6+ Kf5 58. Rxh6 Kg4 59. Rg6+ Kxh5 60.
Rg8 Kh6 61. f5 Kh7 62. Ra8 Kg7 63. Ra6 Kf7 64. Kf2 1/2-1/2

[Event "PRO League Group Stage"]
[Site "chess.com INT"]
[Date "2020.02.05"]
[Round "5"]
[White "Erdos, Viktor"]
[Black "Chadaev, Nikolai"]
[Result "1-0"]
[WhiteTitle "GM"]
[BlackTitle "GM"]
[WhiteElo "2621"]
[BlackElo "2591"]
[WhiteTeam "Hungary Hunters"]
[BlackTeam "Russia Wizards"]
[WhiteFideId "719978"]
[BlackFideId "4167392"]
[EventDate "2020.01.06"]

1. Nf3 Nf6 2. c4 e6 3. Nc3 d5 4. e3 Be7 5. b3 O-O 6. Bb2 b6 7. cxd5 exd5 8. d4
Bb7 9. Bd3 Nbd7 10. O-O a6 11. Rc1 Bd6 12. Ne2 Re8 13. Ng3 g6 14. Qc2 Ne4 15.
Ne5 Nxg3 16. hxg3 Rc8 17. f4 Qe7 18. Rf3 c5 19. Qe2 cxd4 20. Rxc8 Rxc8 21. exd4
f6 22. Nxd7 Qxd7 23. Re3 b5 24. Re6 Rf8 25. a4 bxa4 26. bxa4 Bc8 27. f5 Qc7 28.
Re8 Bd7 29. Rxf8+ Bxf8 30. fxg6 hxg6 31. Qf3 Qd6 32. Bxg6 Bxa4 33. Qh5 Bg7 34.
Bf7+ Kf8 35. Bxd5 Be8 36. Qf3 1-0

[Event "PRO League Group Stage"]
[Site "chess.com INT"]
[Date "2020.02.06"]
[Round "5"]
[White "Niemann, Hans Moke"]
[Black "Bartel, Mateusz"]
[Result "0-1"]
[WhiteTitle "IM"]
[BlackTitle "GM"]
[WhiteElo "2465"]
[BlackElo "2639"]
[WhiteTeam "Norway Gnomes"]
[BlackTeam "Poland Hussars"]
[WhiteFideId "2093596"]
[BlackFideId "1112635"]
[EventDate "2020.01.06"]

1. Nf3 Nf6 2. c4 e6 3. b3 g6 4. Bb2 Bg7 5. g3 O-O 6. Bg2 d5 7. O-O b6 8. d4 Bb7
9. Nc3 Ne4 10. Qc2 Nxc3 11. Bxc3 Nd7 12. Rac1 Re8 13. Rfd1 Qe7 14. Bd2 Rac8 15.
Bg5 Qf8 16. c5 bxc5 17. dxc5 c6 18. e4 Nf6 19. e5 Nd7 20. Re1 a5 21. Bd2 Ra8 22.
a3 Reb8 23. h4 h5 24. Bh3 Ba6 25. g4 hxg4 26. Bxg4 d4 27. h5 d3 28. Qc3 gxh5 29.
Bxh5 f6 30. Bg4 f5 31. Bh3 Qf7 32. b4 Qh5 33. Kg2 Kf7 34. Ng5+ Ke7 35. Qd4 Nf8
36. Qd6+ Ke8 37. Qxc6+ Ke7 38. Qc7+ Ke8 39. Qxg7 Rb7 40. Qf6 Re7 41. c6 Rd8 42.
Rh1 Qe2 43. Nf3 Rf7 44. Qxf7+ Kxf7 45. Rhe1 axb4 46. axb4 Ng6 47. Rxe2 dxe2 48.
c7 Rd3 49. c8=Q Bxc8 50. Rxc8 Rxd2 51. Rc7+ Ke8 52. Kh2 Nh4 53. Ne1 Rd1 54. Nc2
Rc1 55. Rc8+ Kd7 56. Rc3 Rxc2 57. Re3 e1=Q 0-1

[Event "PRO League Group Stage"]
[Site "chess.com INT"]
[Date "2020.02.06"]
[Round "5"]
[White "Erigaisi, Arjun"]
[Black "Gajewski, Grzegorz"]
[Result "1/2-1/2"]
[WhiteTitle "GM"]
[BlackTitle "GM"]
[WhiteElo "2575"]
[BlackElo "2614"]
[WhiteTeam "Norway Gnomes"]
[BlackTeam "Poland Hussars"]
[WhiteFideId "35009192"]
[BlackFideId "1116207"]
[EventDate "2020.01.06"]

1. d4 Nf6 2. c4 e6 3. Nf3 d5 4. Nc3 c5 5. cxd5 exd5 6. g3 Nc6 7. Bg2 cxd4 8.
Nxd4 Bc5 9. Nb3 Bb6 10. Nxd5 Nxd5 11. Qxd5 Qxd5 12. Bxd5 Nb4 13. Be4 O-O 14. Bd2
Re8 15. Bxh7+ Kxh7 16. Bxb4 Bg4 17. e3 a5 18. Bc3 a4 19. Nd4 a3 20. O-O Rac8 21.
Rfc1 Bxd4 22. Bxd4 axb2 23. Bxb2 Bf3 24. h4 Kg6 25. Kf1 f6 26. Ke1 Kf5 27. Kd2
Be4 28. a4 Kg4 29. Ke2 Bf3+ 30. Ke1 Kh3 31. a5 Kg2 32. Bd4 Red8 33. Bb6 Rxc1+
34. Rxc1 Rd3 35. Bd4 Kg1 36. Bc5 Kg2 37. Bf8 g6 38. Bg7 f5 39. Bc3 Bg4 40. Bd2
Bf3 41. Rc3 Rxc3 42. Bxc3 Bg4 43. e4 fxe4 44. Bd4 Kf3 45. Kd2 Bh3 46. Kc3 Bf1
47. Be3 Kg4 48. Kd4 Kf5 49. Kd5 Bd3 50. Kc5 Be2 51. Kb6 Ba6 52. Kc7 Kg4 53. Kd7
Kf5 54. Ke7 Bc4 55. Kf8 Bb5 56. Kg7 Be2 57. Kf7 Bd1 58. Bf4 Be2 59. Ke7 Bd3 60.
Kd6 Be2 61. Kc7 Ba6 62. Be3 Kg4 63. Kb6 Kf5 1/2-1/2

[Event "PRO League Group Stage"]
[Site "chess.com INT"]
[Date "2020.02.06"]
[Round "5"]
[White "Dragun, Kamil"]
[Black "Christiansen, Johan-Sebastian"]
[Result "0-1"]
[WhiteTitle "GM"]
[BlackTitle "GM"]
[WhiteElo "2587"]
[BlackElo "2600"]
[WhiteTeam "Poland Hussars"]
[BlackTeam "Norway Gnomes"]
[WhiteFideId "1134167"]
[BlackFideId "1512668"]
[EventDate "2020.01.06"]

1. d4 d5 2. c4 dxc4 3. e3 e5 4. Bxc4 Nc6 5. Nf3 e4 6. Nfd2 Qg5 7. Nxe4 Qxg2 8.
Ng3 Nf6 9. Bf1 Qd5 10. Nc3 Bb4 11. Bd2 Qd8 12. Qc2 O-O 13. O-O-O Nd5 14. Bd3
Nxc3 15. bxc3 Ba3+ 16. Kb1 Qh4 17. Rhg1 Rb8 18. Ne4 b5 19. Rg3 b4 20. c4 a5 21.
Rdg1 g6 22. f4 b3 23. axb3 a4 24. Nc5 Bxc5 25. dxc5 Rxb3+ 26. Ka2 Rd8 27. Bxg6
hxg6 28. Rxg6+ Kf8 29. Rg8+ Ke7 30. Rxd8 Nxd8 31. Bc3 Be6 32. f5 Qxc4 33. f6+
Kd7 34. Qd2+ Kc8 0-1

[Event "PRO League Group Stage"]
[Site "chess.com INT"]
[Date "2020.02.06"]
[Round "5"]
[White "Czarnota, Pawel"]
[Black "Hammer, Jon Ludvig"]
[Result "1-0"]
[WhiteTitle "GM"]
[BlackTitle "GM"]
[WhiteElo "2502"]
[BlackElo "2628"]
[WhiteTeam "Poland Hussars"]
[BlackTeam "Norway Gnomes"]
[WhiteFideId "1121219"]
[BlackFideId "1503707"]
[EventDate "2020.01.06"]

1. e4 c6 2. d4 d5 3. exd5 cxd5 4. Bd3 Nc6 5. c3 Nf6 6. h3 g6 7. Nf3 Bf5 8. Be2
Bg7 9. O-O Qc7 10. Re1 O-O 11. Be3 Rad8 12. Nbd2 Ne4 13. Nh4 Bc8 14. Bd3 f5 15.
Nb3 Kh8 16. Nf3 h6 17. Bb5 Kh7 18. Bxc6 bxc6 19. Nc1 f4 20. Bd2 g5 21. Nd3 g4
22. hxg4 Bxg4 23. Qc2 Bf5 24. Bxf4 Qc8 25. Nfe5 Rg8 26. f3 Nd6 27. Kf2 c5 28.
dxc5 Nc4 29. Qe2 Bf6 30. Rh1 Bxe5 31. Rxh6+ Kg7 32. Nxe5 Qxc5+ 33. Kf1 Rh8 34.
Nxc4 Rxh6 35. Bxh6+ Kxh6 36. Qe3+ Qxe3 37. Nxe3 Bg6 38. Rd1 e6 39. Kf2 a5 40.
Ng4+ Kg7 41. Ne5 Be8 42. Rd4 Rb8 43. b3 Kf6 44. f4 a4 45. b4 a3 46. g4 Kg7 47.
Ke3 Bb5 48. c4 dxc4 49. Nxc4 Rc8 50. Nd6 Rb8 51. Nxb5 Rxb5 52. Kd3 Kf6 53. Kc4
Rb8 54. Kb3 Ra8 55. b5 1-0

[Event "PRO League Group Stage"]
[Site "chess.com INT"]
[Date "2020.02.06"]
[Round "5"]
[White "Berg, Emanuel"]
[Black "Moiseenko, Alexander"]
[Result "1/2-1/2"]
[WhiteTitle "GM"]
[BlackTitle "GM"]
[WhiteElo "2544"]
[BlackElo "2620"]
[WhiteTeam "Sweden Wasabis"]
[BlackTeam "Italy Gladiators"]
[WhiteFideId "1704060"]
[BlackFideId "14102560"]
[EventDate "2020.01.06"]

1. e4 c5 2. Nf3 Nc6 3. d4 cxd4 4. Nxd4 Nf6 5. Nc3 e5 6. Ndb5 d6 7. Bg5 a6 8. Na3
b5 9. Bxf6 gxf6 10. Nd5 f5 11. g3 Bg7 12. Bg2 fxe4 13. Bxe4 Be6 14. Qh5 Rc8 15.
c3 Ne7 16. Rd1 Rc5 17. Nb4 Qb6 18. Qg5 Kf8 19. Qe3 f5 20. Bg2 e4 21. Nac2 a5 22.
Nd4 Bc4 23. Nbc2 Kf7 24. b3 Bd3 25. Rxd3 exd3 26. Qxd3 Rhc8 27. O-O Rxc3 28. Qd2
Qc5 29. Re1 Rxc2 30. Nxc2 Qxc2 31. Qxd6 Bf6 32. Bd5+ Nxd5 33. Qxd5+ Kg6 34. Qxb5
Qd2 35. Re2 Rc1+ 36. Kg2 Qd1 37. Qe8+ Kg7 38. Re7+ Bxe7 39. Qxe7+ Kg6 40. Qe6+
Kg7 41. Qe7+ Kg6 42. Qe6+ Kg7 43. Qe7+ 1/2-1/2

[Event "PRO League Group Stage"]
[Site "chess.com INT"]
[Date "2020.02.06"]
[Round "5"]
[White "Hellers, Ferdinand"]
[Black "Moroni, Luca Jr"]
[Result "0-1"]
[WhiteTitle "GM"]
[BlackTitle "GM"]
[WhiteElo "2592"]
[BlackElo "2532"]
[WhiteTeam "Sweden Wasabis"]
[BlackTeam "Italy Gladiators"]
[WhiteFideId "1700022"]
[BlackFideId "865834"]
[EventDate "2020.01.06"]

1. e4 e5 2. Nf3 Nc6 3. Bb5 a6 4. Ba4 Nge7 5. O-O g6 6. c3 Bg7 7. d4 exd4 8. cxd4
O-O 9. h3 b5 10. Bc2 d6 11. Re1 Bb7 12. Nc3 Qd7 13. a4 b4 14. Ne2 Na5 15. Ng3
Rad8 16. Bg5 h6 17. Bf4 c5 18. b3 Nec6 19. Be3 c4 20. bxc4 Nxc4 21. Bf4 N6a5 22.
Rc1 Rc8 23. Qe2 Rfe8 24. Bd3 d5 25. e5 b3 26. h4 Qg4 27. Bd2 b2 28. Rb1 Nxd2 29.
Qxd2 Nc4 30. Bxc4 dxc4 31. Qc3 Bxf3 32. gxf3 Qxh4 33. Rxb2 Red8 34. Re4 Qh3 35.
Rb4 Qe6 36. a5 Qd5 37. f4 Qxa5 38. Re3 Qd5 39. Ne2 Bf8 40. Rb2 Rb8 41. f5 Rxb2
42. Qxb2 gxf5 43. Qc2 Rb8 44. Qxf5 Qe6 45. Rg3+ Kh8 46. Qe4 Bg7 47. Nf4 Qb6 48.
Nh5 Qb1+ 49. Qxb1 Rxb1+ 50. Kg2 Bf8 51. d5 Rb8 52. d6 Rc8 53. Rc3 Rc5 54. f4
Bxd6 55. exd6 Rxh5 56. Rxc4 Rd5 57. Rc6 a5 58. Ra6 Kg7 59. Kf3 Kf6 60. Ke4 Rd1
61. d7+ Ke7 62. Rxa5 Rxd7 63. Rh5 Rd6 64. Kf3 Kf8 65. Ra5 Kg7 66. Kg4 Rb6 67.
Rc5 Kg6 68. Ra5 Rc6 69. Rb5 Rc1 70. Rb6+ Kg7 71. Kh5 Rg1 72. f5 Rg5+ 73. Kh4
Rxf5 74. Kg4 Rf6 75. Rb5 Ra6 76. Rc5 Kg6 77. Kh4 Ra4+ 78. Kg3 f6 79. Rb5 h5 80.
Rb8 Ra7 81. Kh4 Ra4+ 82. Kg3 Kg5 83. Rg8+ Kf5 84. Rh8 h4+ 85. Kh3 Kg5 86. Rg8+
Kf5 87. Rh8 Ra1 88. Rh5+ Kg6 89. Rb5 Rh1+ 90. Kg2 Re1 91. Kh3 Re4 92. Rb8 Kg5
93. Rg8+ Kf5 94. Rh8 Ke5 95. Rh5+ Ke6 96. Ra5 f5 97. Rb5 Kf6 98. Rb8 Ke5 99.
Rb5+ Kf6 100. Rb8 Rf4 101. Rc8 Ke5 102. Rb8 Rg4 103. Rc8 Kf4 104. Rc4+ Kg5 105.
Rc3 Ra4 106. Rb3 Re4 107. Rc3 Re1 0-1

[Event "PRO League Group Stage"]
[Site "chess.com INT"]
[Date "2020.02.06"]
[Round "5"]
[White "Valsecchi, Alessio"]
[Black "Grandelius, Nils"]
[Result "0-1"]
[WhiteTitle "GM"]
[BlackTitle "GM"]
[WhiteElo "2512"]
[BlackElo "2673"]
[WhiteTeam "Italy Gladiators"]
[BlackTeam "Sweden Wasabis"]
[WhiteFideId "818860"]
[BlackFideId "1710400"]
[EventDate "2020.01.06"]

1. d4 d5 2. c4 e6 3. Nf3 a6 4. cxd5 exd5 5. Nc3 h6 6. Bf4 Nf6 7. e3 Bd6 8. Bxd6
Qxd6 9. Bd3 Bg4 10. h3 Bxf3 11. Qxf3 Nbd7 12. O-O O-O 13. Rac1 c6 14. Rfd1 Rfe8
15. a3 Qe7 16. Bb1 Nb6 17. Re1 Nc4 18. e4 Nd2 19. Qf4 Nxb1 20. Rxb1 dxe4 21.
Nxe4 Nxe4 22. f3 f5 23. fxe4 fxe4 24. Rbd1 Rad8 25. Rd2 Rd5 26. Re3 c5 27. Rg3
e3 28. Re2 cxd4 29. Qxh6 Rf5 30. Qg6 Qf7 31. Qg4 Rf4 32. Qg5 Rf2 33. Re1 e2 34.
Kh2 Rf1 35. Qd2 Rxe1 36. Qxe1 Qf1 37. Rxg7+ Kxg7 38. Qg3+ Kf7 39. Qc7+ Re7 40.
Qc4+ Kg7 41. Qxd4+ Qf6 42. Qg4+ Kf8 43. Qc8+ Kf7 44. Qc4+ Re6 45. Qc7+ Qe7 46.
Qf4+ Ke8 47. Qb8+ Qd8 0-1

[Event "PRO League Group Stage"]
[Site "chess.com INT"]
[Date "2020.02.06"]
[Round "5"]
[White "Lodici, Lorenzo"]
[Black "Amin, Bassem"]
[Result "1-0"]
[WhiteTitle "IM"]
[BlackTitle "GM"]
[WhiteElo "2477"]
[BlackElo "2673"]
[WhiteTeam "Italy Gladiators"]
[BlackTeam "Sweden Wasabis"]
[WhiteFideId "884189"]
[BlackFideId "10601457"]
[EventDate "2020.01.06"]

1. d4 Nf6 2. c4 g6 3. f3 Bg7 4. e4 d6 5. Ne2 O-O 6. Be3 c5 7. d5 e6 8. Nec3 Qb6
9. Qd2 Ne8 10. Na3 f5 11. O-O-O a6 12. g4 Bxc3 13. Qxc3 f4 14. Bf2 e5 15. g5 Ng7
16. b4 cxb4 17. Bxb6 bxc3 18. c5 Nd7 19. Nc4 dxc5 20. Ba5 b5 21. Nd6 Ne8 22.
Nxc8 Rxc8 23. Bh3 Rf7 24. Bxc3 b4 25. Bxd7 Rxd7 26. Bxe5 a5 27. Bxf4 c4 28. Rd4
a4 29. e5 Rc5 30. Rhd1 Nc7 31. e6 Rdxd5 32. Bxc7 Rxd4 33. Rxd4 Rxc7 34. Rd8+ Kg7
35. Rd7+ 1-0